Sathya Sai Speaks/ (Record no. 207305)

MARC details
000 -LEADER
fixed length control field 00647nam a22002057a 4500
005 - DATE AND TIME OF LATEST TRANSACTION
control field 20241202151049.0
010 ## - LCCN (DPL NO)
LC control number ENG-142752
020 ## - INTERNATIONAL STANDARD BOOK NUMBER
Terms of availability 35.00
International Standard Book Number 9788172089832
035 ## - SYSTEM CONTROL NUMBER
System control number EN-126284
037 ## - SOURCE OF ACQUISITION
Source of stock number/acquisition DBAD
082 ## - DEWEY DECIMAL CLASSIFICATION NUMBER
Classification number 230.51
100 ## - MAIN ENTRY--PERSONAL NAME
Personal name Sri Sathya Sai Sadhana Trust
245 ## - TITLE STATEMENT
Title Sathya Sai Speaks/
Statement of responsibility, etc by Sri Sathya Sai Sadhana Trust
250 ## - EDITION STATEMENT
Edition statement Revised and Enlarged
260 ## - PUBLICATION, DISTRIBUTION, ETC. (IMPRINT)
Place of publication, distribution, etc A.P
Name of publisher, distributor, etc Sri Sathya sai Sadhana Trust
Date of publication, distribution, etc 2011
270 ## - ADDRESS
City Prasanthi Nilayam
Address Anantapur Distric
Postal code 515134
Electronic mail address orders@sssbpt.org
Telephone number 011-287375
Fax number 287236
300 ## - PHYSICAL DESCRIPTION
Extent 214p.
Dimensions 22cm(pb)
490 ## - SERIES STATEMENT
Volume number/sequential designation Vol. 18
942 ## - ADDED ENTRY ELEMENTS (KOHA)
Source of classification or shelving scheme Dewey Decimal Classification
Item type English Books
Classification part 230.51
Call number suffix SAT
Holdings
Withdrawn status Lost status Not for loan Collection code Home library Current library Date acquired Source of acquisition Cost, normal purchase price Full call number Barcode Copy number Cost, replacement price Koha item type
      Non-fiction Ashok Vihar Ashok Vihar 02/12/2024 Delivery of Books Act Division 35.00 230.51 SAT EN-126284 1 35.00 English Books

© Delhi Public Library
Hit Counter
free hit counter